000
00327nam a2200133Ia 4500
008
240624s9999 xx 000 0 und d
041
_a
eng
082
_a
828 BER
100
_a
BERKUN SCOTT
245
_a
CONFESSIONS OF A PUBLIC SPEAKER
260
_c
2010
_a
Cambridge
_b
O'Reilly
300
_a
x, 222 p.; 21 cm.
365
_c
_b
38
999
_c
29019
_d
29019